| 000 | 00537 a2200193 4500 | ||
|---|---|---|---|
| 001 | 111370 | ||
| 020 | _a9780329918521 | ||
| 041 | _apor | ||
| 090 | _a025.5/2 | ||
| 245 | 1 | 0 | _aFollett quick reference guide Follett digital reader, Follett Shelf. |
| 250 | _a. ed. | ||
| 300 | _a1 online resource ({6} p.) | ||
| 697 | _aElectronic books. | ||
| 697 | _aElectronic information resources. | ||
| 697 | _aInformation resources. | ||
| 040 |
_aBR-BrIDEA _cBR-BrIDEA |
||
| 260 |
_a[S.l.] _b[Follett Digital Press] _c2011 |
||
| 942 | _cE-BOOK | ||
| 999 |
_c111370 _d111370 |
||